Espagnol vocab 2 - Statistiques

Statistiques générales
  • Ce quiz a été pris 32 fois
  • Le résultat moyen est 20 sur 118
Statistiques - réponses
Hint Réponse % Correct
expliquer explicar
83%
après despues
65%
en effet en efecto
61%
justifier justificar
61%
le mot la palabra
61%
argumenter argumentar
57%
critiquer criticar
57%
dénoncer denunciar
57%
le réalisme el realismo
57%
mais pero
57%
le style el estilo
48%
en premier lieu en primer lugar
48%
révéler revelar
48%
la vision de la vision de
43%
en outre/de plus ademas
39%
au contraire al contrario
39%
effectivement efectivamente
39%
la sympathie la simpatia
39%
sans doute sin duda
39%
cependant sin embargo
39%
un commentaire un comentario
39%
je crois que yo creo que
39%
je pense que yo pienso que
39%
convaincre convencer
35%
l'humour el humor
35%
selon moi en mi opinion
35%
je suis d'accord avec l'auteur estoy de acuerdo con el autor
35%
bien sûr por supuesto
35%
il se réfère à se refiere a
35%
l'enthousiasme el entusiasmo
30%
il est vrai que es verdad que
30%
le ton el tono
26%
les jeux de mots los juegos de palabras
26%
d'un côté, d'un autre côté por un lado, por otro lado
26%
donc pues
26%
la haine el odio
22%
la valeur esthétique el valor estético
22%
la valeur socio-politique el valor socio-politico
22%
faire partager hacer compartir
22%
d'une part, d'autre part por una parte, por otra parte
22%
peut être tal vez
22%
en resumé en resumen
17%
la synthèse la sintesis
17%
attirer l'attention llamar la atencion
17%
serieuse seria
17%
une analyse un analisis
17%
en conséquence en consecuencia
13%
l'originalité du texte réside dans la originalidad del texto reside en
13%
les arguments explicites et implicites los argumentos explicitos e implicitos
13%
puis luego
13%
je ne partage pas la vision de l'auteur sur... no comparto la vision del autor sobre
13%
mettre en évidence poner en evidencia
13%
suggérer sugerir
13%
une critique sévère una critica severa
13%
avant tout ante todo
9%
le texte incite à la réflexion el texto incita a la reflexion
9%
établir un réseau de correspondances establecer una red de correspondencias
9%
s'intéresser à interesarse por
9%
par conséquent por lo tanto
9%
souligner subrayar
9%
une blague un chiste
9%
en même temps al mismo tiempo
4%
à mon avis a mi juicio
4%
à mon avis a mi parecer
4%
malgré tout a pesar de todo
4%
l'auteur est partisan de el autor es partido de
4%
l'auteur exagère quand il affirme... el autor exagera afirmando
4%
le texte offre un intérêt particulier el texto ofrece un interés particular
4%
en revanche en cambio
4%
faire des recherches hacer investigaciones
4%
les avantages et les inconvénients las ventajas y los inconvenientes
4%
apparement por lo visto
4%
un bilan un balance
4%
se servir de valerse
4%
entrainer des conséquences acarrear consecuencias
0%
en fin de compte a fin de cuentas
0%
or ahora bien
0%
la même chose se passe algo parecido ocurre
0%
en lisant ce texte je ressens de l'émotion al leer este texto experimento emocion
0%
il fait allusion à alude a
0%
c'est ainsi que asi es que
0%
de la même manière asimismo
0%
il faut ajouter cabe anadir
0%
faire connaître dar a conocer
0%
bien entendu desde luego
0%
détacher les éléments fondamentaux destacar los elementos imprescindibles
0%
l'atmosphère qui se dégage de el ambiante que se desprende
0%
le dégout el asco
0%
l'auteur est opposé à el autor esta. en contra de
0%
l'auteur utilise tel procédé el autor se vale de tal procedimiento
0%
le but recherché par l'auteur en écrivant ce texte el proposito del autor al escribir este texto
0%
le pour et le contre el pro y el contra
0%
le sens el significado
0%
je trouve le texte el texto me resulta
0%
selon l'opinion de... en opinion de
0%
suivant l'avis général en opinion general
0%
tout compte fait en resumidas cuentas
0%
en somme en suma
0%
il faut remarquer es de notar
0%
il faut remarquer que es de notar que
0%
ce texte manque d'intérêt este texto carece de interés
0%
c'est un plaidoyer en faveur de es un alegato a favor de
0%
grâce à ce document nous apprenons que gracias a este documento nos enteramos de que
0%
il met l'accent sur hace hincapié en
0%
s'inspirer de inspirarse en
0%
l'aspect comique du texte la comicidad del texto
0%
l'organisation de la phrase reflète la organizacion de la frase refleta
0%
les avantages qui sont exposés dans l'article las ventajas que vienen expuestas en el articulo
0%
il est vrai que... la verdad es que
0%
les effets produits los efectos producios
0%
les tournures de phrase los giros
0%
les traits caractéristiques los rasgos tipicos
0%
les différentes nuances los varios matices
0%
il me parait indispensable de noter me parece imprescindible notar
0%
mon opinion diffère de la sienne mi opinion discrepa de la suya
0%
cela ne fait pas de doute | il ne fait aucun doute que no cabe duda de que
0%
quant à respecto a
0%
Aucun quiz correspondant
Distribution des résultats
% des personnes avec chaque résultat
Percentile par nombre de réponses
Votre historique - résultats
Vous n’avez pas pris ce quiz